Improving payment practices in the construction industry (Record no. 107201)

MARC details
000 -LEADER
fixed length control field 01690cam a22002415a 4500
001 - CONTROL NUMBER
control field L138559
008 - FIXED-LENGTH DATA ELEMENTS--GENERAL INFORMATION
fixed length control field 070621e20070620xxk f f000 0 eng d
035 ## - SYSTEM CONTROL NUMBER
System control number (Sirsi) u138559
041 0# - LANGUAGE CODE
Language code of text/sound track or separate title eng
050 04 - LIBRARY OF CONGRESS CALL NUMBER
Classification number 692.8 $2 18
110 1# - MAIN ENTRY--CORPORATE NAME
Corporate name or jurisdiction name as entry element United Kingdom
Subordinate unit Department of Trade and Industry
245 00 - TITLE STATEMENT
Title Improving payment practices in the construction industry
Remainder of title second consultation on proposals to amend Part II of the Housing Grants Construction and Regeneration Act 1996 and the Scheme for Construction Contracts (England and Wales) Regulations 1998
Medium [electronic resource]
260 ## - PUBLICATION, DISTRIBUTION, ETC.
Place of publication, distribution, etc. London
Name of publisher, distributor, etc. DTI
Date of publication, distribution, etc. 2007
520 ## - SUMMARY, ETC.
Summary, etc. Follows the publication of a summary of responses to the first consultation (L132162). The consultation aims to clarify and improve the statutory payment framework, encourage dispute resolution via adjudication and identify how any changes can be evaluated. Proposes to improve access to the right to refer to adjudication. Aims to ensure the costs are fairly allocated. Aims to avoid duplication of payment notices, clarify their content and prohibit pay-when-certified clauses. The statutory right to suspend performance would also be improved. Responses are due by 17 September 2007.
590 ## - LOCAL NOTE (RLIN)
Local note KA NTK
650 24 - SUBJECT ADDED ENTRY--TOPICAL TERM
Topical term or geographic name entry element HOUSING GRANTS CONSTRUCTION AND REGENERATION ACT PART II
650 24 - SUBJECT ADDED ENTRY--TOPICAL TERM
Topical term or geographic name entry element SCHEME FOR CONSTRUCTION CONTRACTS (ENGLAND AND WALES) REGULATIONS 1998
651 #4 - SUBJECT ADDED ENTRY--GEOGRAPHIC NAME
Geographic name United Kingdom
Chronological subdivision
690 ## - LOCAL SUBJECT ADDED ENTRY--TOPICAL TERM (OCLC, RLIN)
Topical term or geographic name as entry element BUILT ENVIRONMENT-CONSTRUCTION MANAGEMENT-BUILDING CONTRACT ADMINISTRATION
710 1# - ADDED ENTRY--CORPORATE NAME
Corporate name or jurisdiction name as entry element Wales
Subordinate unit National Assembly for Wales
9 (RLIN) 4836
856 40 - ELECTRONIC LOCATION AND ACCESS
Uniform Resource Identifier <a href="https://www.berr.gov.uk/files/file39921.pdf">https://www.berr.gov.uk/files/file39921.pdf</a>
Public note View the item free of charge at www.berr.gov.uk
942 ## - ADDED ENTRY ELEMENTS (KOHA)
Suppress in OPAC 0
Holdings
Withdrawn status Lost status Source of classification or shelving scheme Damaged status Not for loan Home library Current library Shelving location Date acquired Total Checkouts Full call number Barcode Date last seen Copy number Price effective from Koha item type
    Dewey Decimal Classification     Virtual Virtual Online 21/06/2007   ONLINE PUBLICATION 138559-1001 06/08/2019 1 06/08/2019 Book